As Long As You Love Me - Justin Bieber Feat. Big Sean - All Lyrics - Statistics

General Stats
  • This quiz has been taken 89 times
  • The average score is 458 of 559
Answer Stats
Answer % Correct
a
100%
As
100%
as
100%
long
100%
love
100%
(Love
100%
me
100%
me,
100%
me)
100%
you
100%
(You
100%
You
100%
you,
100%
I
98%
Hova
95%
Hova)
95%
Oh,
95%
woah
95%
your
95%
be
93%
We
91%
we
91%
go
88%
I’ll
88%
I'll
88%
(I'll
88%
broke
86%
could
84%
starving,
84%
'U'
82%
homeless,
80%
the
80%
The
80%
But
79%
(But
79%
but
79%
do
79%
girl
77%
girl)
77%
Girl,
77%
gold
77%
gold)
77%
it
77%
it,
77%
know,
77%
know
77%
So
77%
to
77%
don't
75%
(Don't
75%
my
75%
on
75%
silver,
75%
hey
73%
(Hey
73%
platinum,
73%
platinum
73%
(Platinum),
73%
world
73%
world)
73%
(World)
73%
(Yeah,
73%
yeah,
73%
yeah
73%
and
71%
(And
71%
no
71%
now
71%
now),
71%
Now
71%
Us,
71%
where
71%
is
70%
take
70%
(Take),
70%
it's
68%
It’s
68%
Just
68%
just
68%
under
68%
with,
68%
with
68%
need
66%
pressure
66%
pressure)
66%
you're
66%
both
64%
in
64%
in)
64%
of
64%
this
64%
billion
63%
face,
63%
got
63%
hallelujah
63%
hand
63%
how
63%
Seven
63%
that
63%
tryna
63%
(Tryna
63%
We're
63%
(We're
63%
will
63%
will)
63%
baby,
61%
baby)
61%
can't
61%
Give
61%
people
61%
time
61%
trust,
61%
without
61%
cry
59%
cry)
59%
fit
59%
side?”
59%
side
59%
Smile
59%
Child
57%
cruel
57%
(Cruel
57%
fly
57%
fly)
57%
for
57%
(For
57%
if
57%
like
57%
sense,
57%
always
55%
at
55%
chances
55%
couple
55%
even
55%
heart
55%
Keep
55%
(Keep
55%
tell
55%
together
55%
together)
55%
top
55%
true,
55%
true
55%
'cause
54%
Destiny's
54%
limit,
54%
other
54%
place,
54%
point
54%
there
54%
wings
54%
(Wings
54%
back
52%
every
52%
green
52%
makes
52%
new
52%
one
52%
out,
52%
soldier
52%
soldier)
52%
spell
52%
things
52%
though
52%
"What's
52%
best
50%
day
50%
Fighting
50%
issues
50%
grass
48%
rather
48%
sky's
48%
someone
48%
start
48%
stress
48%
stress),
48%
that's
48%
ain't
46%
Ask
46%
Cameras
46%
dreams,
46%
frowning
46%
(Frowning)
46%
I'd
46%
our
46%
scene,
46%
second
46%
stand
46%
view
46%
greener
45%
work
45%
feel
43%
stepping
43%
Used
43%
ahead
41%
beat
41%
water
41%
argue
39%
shoot
39%
(Shoot)
39%
Than
39%
rendezvous
36%
bothered
34%
Man,
27%
No matching quizzes found
Score Distribution
Percent of People with Each Score
Percentile by Number Answered
Your Score History
You have not taken this quiz